000 00957cab a2200253 4500
001 ABS45872
008 090401t1992 xxu||||| |||| 00| 0 eng d
035 _a(Sirsi) u55626
041 _aeng
100 _aHalsey, R.
245 _aCathedrals fabric survey 1991
260 _c1992
350 _a0
490 _aConservation Bulletin
_v(16) February 1992, 3-5(3)
520 _aExamines the Cathedrals Fabric Survey initiated by English Heritage to facilitate the use of increased government money for the repair of historic cathedrals. It covers fabric costs, resources available, health and safety aspects, architectural drawings and conservation of contents. Also includes a listing of cathedral grant offers for 1991/2.
650 _aCATHEDRAL GRANTS
650 _aCATHEDRALS FABRIC SURVEY
650 _aCHURCHES
650 _aFABRIC COSTS
650 _aHISTORIC BUILDINGS
690 _aCONSERVATION
942 _n0
948 _c04/03/1997
999 _c34000
_d34000